000 00524nam a2200193 a 4500
005 20260427164328.0
008 260416s2026##################000#0#eng##
020 _a9780406851086
_qhbk
041 _aeng
082 0 4 _a348.42 ALL.1
100 _aHarrison G,R.N
245 1 0 _aThe All England Law Reports
_cR.N.G Harrison
_b1974
260 _aUnited England
_bButterworths
_c2002
300 _a1264p. :
_c22cm.
490 _vvol 1
650 _aLaws, regulations & cases
700 _aIvany,Christine
942 _cENGLISH
999 _c619527
_d619527